<?xml version="1.0" encoding="UTF-8"?>
<record
    xmlns:xsi="http://www.w3.org/2001/XMLSchema-instance"
    xsi:schemaLocation="http://www.loc.gov/MARC21/slim http://www.loc.gov/standards/marcxml/schema/MARC21slim.xsd"
    xmlns="http://www.loc.gov/MARC21/slim">

  <leader>00856nam a2200229   4500</leader>
  <controlfield tag="005">20240530110608.0</controlfield>
  <controlfield tag="008">160507s2014    ua o|||g i||| 00| 0ca   d</controlfield>
  <datafield tag="020" ind1=" " ind2=" ">
    <subfield code="a">9789772815104</subfield>
  </datafield>
  <datafield tag="040" ind1=" " ind2=" ">
    <subfield code="a">EG-CaGPL</subfield>
  </datafield>
  <datafield tag="082" ind1="0" ind2="4">
    <subfield code="a">903</subfield>
    <subfield code="b">&#x645;/&#x645; &#x642;</subfield>
    <subfield code="2">21</subfield>
  </datafield>
  <datafield tag="100" ind1="0" ind2=" ">
    <subfield code="a">&#x645;&#x62D;&#x645;&#x62F; &#x62D;&#x645;&#x62F;&#x64A;</subfield>
  </datafield>
  <datafield tag="245" ind1="1" ind2="0">
    <subfield code="a">&#x642;&#x627;&#x645;&#x648;&#x633; &#x627;&#x644;&#x62A;&#x648;&#x627;&#x631;&#x64A;&#x62E; :</subfield>
    <subfield code="b">&#x64A;&#x648;&#x645;&#x64A;&#x627;&#x62A; &#x627;&#x644;&#x627;&#x62D;&#x62F;&#x627;&#x62B; (&#x627;&#x644;&#x62C;&#x62F;&#x627;&#x648;&#x644; &#x627;&#x644;&#x632;&#x645;&#x646;&#x64A;&#x629;) &#x648;&#x642;&#x648;&#x627;&#x626;&#x645; &#x645;&#x631;&#x62C;&#x639;&#x64A;&#x629; &#x62A;&#x627;&#x631;&#x64A;&#x62E;&#x64A;&#x629; /</subfield>
    <subfield code="c">&#x62A;&#x623;&#x644;&#x64A;&#x641; &#x645;&#x62D;&#x645;&#x62F; &#x62D;&#x645;&#x62F;&#x64A;.</subfield>
  </datafield>
  <datafield tag="246" ind1="3" ind2="4">
    <subfield code="a">Dictionary of dates Index (Alphabetical)</subfield>
  </datafield>
  <datafield tag="250" ind1=" " ind2=" ">
    <subfield code="a">&#x637;. 1.</subfield>
  </datafield>
  <datafield tag="260" ind1=" " ind2=" ">
    <subfield code="a">&#x627;&#x644;&#x642;&#x627;&#x647;&#x631;&#x629; :</subfield>
    <subfield code="b">&#x627;&#x644;&#x645;&#x643;&#x62A;&#x628;&#x629; &#x627;&#x644;&#x627;&#x643;&#x627;&#x62F;&#x64A;&#x645;&#x64A;&#x629;&#x60C;</subfield>
    <subfield code="c">2014.</subfield>
  </datafield>
  <datafield tag="300" ind1=" " ind2=" ">
    <subfield code="a">2 &#x645;&#x62C;. :</subfield>
    <subfield code="b">&#x635;&#x648;&#x631; &#x61B;</subfield>
    <subfield code="c">26 &#x633;&#x645;.</subfield>
  </datafield>
  <datafield tag="650" ind1="0" ind2="4">
    <subfield code="a">&#x627;&#x644;&#x62A;&#x627;&#x631;&#x64A;&#x62E;</subfield>
    <subfield code="v">&#x645;&#x639;&#x627;&#x62C;&#x645;</subfield>
  </datafield>
  <datafield tag="650" ind1="0" ind2="4">
    <subfield code="a">&#x627;&#x644;&#x62A;&#x623;&#x631;&#x64A;&#x62E;</subfield>
  </datafield>
  <datafield tag="700" ind1="0" ind2=" ">
    <subfield code="a">&#x645;&#x62D;&#x645;&#x62F; &#x62D;&#x633;&#x646;&#x64A;&#x646; &#x647;&#x64A;&#x643;&#x644;</subfield>
    <subfield code="e">&#x645;&#x642;&#x62F;&#x645;.</subfield>
  </datafield>
  <datafield tag="942" ind1=" " ind2=" ">
    <subfield code="2">ddc</subfield>
    <subfield code="c">BK</subfield>
  </datafield>
  <datafield tag="999" ind1=" " ind2=" ">
    <subfield code="c">62795</subfield>
    <subfield code="d">62795</subfield>
  </datafield>
  <datafield tag="952" ind1=" " ind2=" ">
    <subfield code="0">0</subfield>
    <subfield code="1">0</subfield>
    <subfield code="4">0</subfield>
    <subfield code="7">0</subfield>
    <subfield code="a">CAI</subfield>
    <subfield code="b">CAI</subfield>
    <subfield code="c">MAIN-LIBRARY</subfield>
    <subfield code="d">2016-11-09</subfield>
    <subfield code="l">0</subfield>
    <subfield code="o">903 &#x645;/&#x645; &#x642;   &#x645;&#x62C; 1</subfield>
    <subfield code="p">162654</subfield>
    <subfield code="r">2016-11-09 00:00:00</subfield>
    <subfield code="w">2016-11-09</subfield>
    <subfield code="y">BK</subfield>
  </datafield>
  <datafield tag="952" ind1=" " ind2=" ">
    <subfield code="0">0</subfield>
    <subfield code="1">0</subfield>
    <subfield code="4">0</subfield>
    <subfield code="7">0</subfield>
    <subfield code="a">CAI</subfield>
    <subfield code="b">CAI</subfield>
    <subfield code="c">MAIN-LIBRARY</subfield>
    <subfield code="d">2016-11-09</subfield>
    <subfield code="l">0</subfield>
    <subfield code="o">903 &#x645;/&#x645; &#x642;   &#x645;&#x62C; 2</subfield>
    <subfield code="p">162655</subfield>
    <subfield code="r">2016-11-09 00:00:00</subfield>
    <subfield code="w">2016-11-09</subfield>
    <subfield code="y">BK</subfield>
  </datafield>
  <datafield tag="952" ind1=" " ind2=" ">
    <subfield code="0">0</subfield>
    <subfield code="1">0</subfield>
    <subfield code="4">0</subfield>
    <subfield code="7">0</subfield>
    <subfield code="a">CAI</subfield>
    <subfield code="b">CAI</subfield>
    <subfield code="c">MAIN-LIBRARY</subfield>
    <subfield code="d">2016-11-09</subfield>
    <subfield code="l">0</subfield>
    <subfield code="o">903 &#x645;/&#x645; &#x642;   &#x645;&#x62C; 3</subfield>
    <subfield code="p">162656</subfield>
    <subfield code="r">2016-11-09 00:00:00</subfield>
    <subfield code="w">2016-11-09</subfield>
    <subfield code="y">BK</subfield>
  </datafield>
  <datafield tag="952" ind1=" " ind2=" ">
    <subfield code="0">0</subfield>
    <subfield code="1">0</subfield>
    <subfield code="4">0</subfield>
    <subfield code="7">0</subfield>
    <subfield code="a">CAI</subfield>
    <subfield code="b">CAI</subfield>
    <subfield code="c">MAIN-LIBRARY</subfield>
    <subfield code="d">2016-11-09</subfield>
    <subfield code="l">0</subfield>
    <subfield code="o">903 &#x645;/&#x645; &#x642;   &#x645;&#x62C; 4</subfield>
    <subfield code="p">162657</subfield>
    <subfield code="r">2016-11-09 00:00:00</subfield>
    <subfield code="w">2016-11-09</subfield>
    <subfield code="y">BK</subfield>
  </datafield>
</record>
